00804nam a2200241Ia 4500003000400000005001700004008004100021020001500062040001800077041000800095082002300103100002300126245011800149250003700267260006900304300003300373650002500406650004500431700002400476700002200500700002200522700001800544OSt20220615135514.0210716s2013 xx 000 0 und d a1259004767 cAIMIT LIBRARY aeng a658.4012218bTHOA aThompson, Arthur A aCrafting and executing strategy :bQuest for competitive advantage concepts and cases /cBy A Thompson...[et.,al] a18th ed.bSpecial Indian Edition aNew Delhi :bTata McGraw Hill Education Private Limited ,c2013. axxxi,465p,I 46bPBc22.5 cm. aStrategic Management aCases in crafting and Executing Strategy aPeteraf, Margaret A aGamble, John EA J aStrickland III,  aJain, Arun K.